都市総合力ランキングTOP48 - Statistics

General Stats
  • This quiz has been taken 386 times
  • The average score is 31 of 48
Answer Stats
順位 ヒント 答え % Correct
1 ヨーロッパ ロンドン
99%
2 北アメリカ ニューヨーク
99%
3 アジア 東京
99%
4 ヨーロッパ パリ
98%
17 アジア 北京
95%
15 アジア 上海
94%
10 ヨーロッパ ベルリン
93%
7 アジア ソウル
92%
12 オセアニア シドニー
86%
14 ヨーロッパ マドリード
83%
34 ヨーロッパ モスクワ
83%
37 アジア 大阪
83%
8 中東 ドバイ
82%
5 アジア シンガポール
78%
21 北アメリカ ロサンゼルス
77%
9 オセアニア メルボルン
75%
18 アジア 香港
75%
6 ヨーロッパ アムステルダム
73%
30 ヨーロッパ イスタンブール
65%
38 アジア バンコク
64%
22 ヨーロッパ バルセロナ
63%
24 ヨーロッパ ブリュッセル
63%
45 アジア ジャカルタ
62%
25 北アメリカ シカゴ
61%
47 アフリカ カイロ
61%
13 ヨーロッパ ウィーン
59%
16 ヨーロッパ ストックホルム
59%
23 北アメリカ トロント
58%
27 北アメリカ サンフランシスコ
58%
33 ヨーロッパ ミラノ
55%
31 ヨーロッパ ヘルシンキ
54%
39 南アメリカ サンパウロ
54%
11 ヨーロッパ コペンハーゲン
53%
32 北アメリカ バンクーバー
50%
35 アジア 台北
50%
36 北アメリカ ワシントン
50%
43 北アメリカ メキシコシティ
50%
44 南アメリカ ブエノスアイレス
49%
20 ヨーロッパ フランクフルト
47%
41 アジア クアラルンプール
44%
19 ヨーロッパ チューリッヒ
42%
42 アジア 福岡
40%
48 アジア ムンバイ
39%
29 北アメリカ ボストン
38%
28 ヨーロッパ ダブリン
34%
26 ヨーロッパ ジュネーブ
32%
46 アフリカ ヨハネスブルグ
25%
40 中東 テルアビブ
18%
No matching quizzes found
Score Distribution
Percent of People with Each Score
Percentile by Number Answered
Your Score History
You have not taken this quiz